Jazyk politiky a jeho funkcie

Jazyk politiky - charakteristika. Funkcie jazyka politiky. Ovplyvňovanie názorov adresátov - persuázia. Nátlak a násile. Informatívna funkcia jazyka politiky. Integratívna a regulatívna funkcia.

Salvato in:
Dettagli Bibliografici
Autore principale: Seresová, Katarína, 1967-
Natura: Capitolo di libro
Lingua:slovacco
Soggetti:
Tags: Aggiungi Tag
Nessun Tag, puoi essere il primo ad aggiungerne!!

MARC

LEADER 00000naa$a2200000$$$4500
001 0237555
005 20240502073833.7
041 0 |a slo 
044 |a SK 
245 1 0 |a Jazyk politiky a jeho funkcie  |c Katarína Seresová 
520 |a Jazyk politiky - charakteristika. Funkcie jazyka politiky. Ovplyvňovanie názorov adresátov - persuázia. Nátlak a násile. Informatívna funkcia jazyka politiky. Integratívna a regulatívna funkcia. 
610 2 0 |a politika 
610 2 0 |a jazyk štátny 
610 2 0 |a jazykoveda 
610 2 0 |a komunikácia 
610 2 0 |a informácie 
100 1 |a Seresová, Katarína, 1967-